• 首页
  • 本馆介绍
  • 公告通知
  • 最新文献
  • 馆藏检索
  • 电子资源
  • 读者荐购
  • 参考咨询
  • CALIS
  • 我的图书馆
  • 登录
  • 详细信息显示
  • 放入我的书架
  • 预约/预借图书
  • 作者相关作品
  • 分类相关作品
  • 丛书相关作品
  • 出版社相关作品

书目信息

  • 表格格式
  • 工作单格式
  • 卡片格式
题名:
韩刚B2A"译点通 "
    
 
作者: 韩刚 编著
分册:  
出版信息: 北京   中国人民大学出版社  2021.08
页数: 235页
开本: 24cm
丛书名:
单 册:
中图分类: H315.9
科图分类:
主题词: 英语
电子资源:
ISBN: 978-7-300-29660-9
 
 
 
 
 
000 01078nam0 2200241 450
001 2357003100
005 20231127155508.86
010    @a978-7-300-29660-9@dCNY49.80
100    @a20231127d2021 km y0chiy0120 ea
101 0  @achi
102    @aCN@b110000
200 1  @a韩刚B2A"译点通 "@AHan Gang B2A"Yi Dian Tong"@eMTI翻译基础高分技巧与真题解析@f韩刚编著@FHan Gang Bian Zhu
210    @a北京@c中国人民大学出版社@d2021.08
215    @a235页@d24cm
300    @a英语 -- 翻译 -- 研究生 -- 入学考试 -- 自学参考资料
330    @a本书共有三个章节。 在“翻译基础技巧入门 ( CATTI真题案例 ) ” 章节, 本书选取了CATTI真题精选句段, 抽丝剥茧, 进行了“保姆式 ” 的细致讲解, 帮助读者了解常用翻译技巧, 为参加CATTI和MTI考试打下良好的基础。
510 1  @a= B2A believe to achieve : progressive practice real MTI exam questions & verified answers
517 1  @aMTI翻译基础高分技巧与真题解析@AMTI Fan Yi Ji Chu Gao Fen Ji Qiao Yu Zhen Ti Jie Xi
606 0  @a英语
690    @aH315.9@v4
701  0 @a韩刚@AHan Gang@4编著
801  0 @aCN@b河南城建学院图书馆@c20231127
905    @dH315.9@eH0721
    
    韩刚B2A"译点通 ":MTI翻译基础高分技巧与真题解析/韩刚编著.-北京:中国人民大学出版社,2021.08
    235页;24cm
    英语 -- 翻译 -- 研究生 -- 入学考试 -- 自学参考资料
    
    ISBN 978-7-300-29660-9:CNY49.80
    本书共有三个章节。 在“翻译基础技巧入门 ( CATTI真题案例 ) ” 章节, 本书选取了CATTI真题精选句段, 抽丝剥茧, 进行了“保姆式 ” 的细致讲解, 帮助读者了解常用翻译技巧, 为参加CATTI和MTI考试打下良好的基础。
●
相关链接 在E读中查询图书 在当当中查询图书 在豆瓣中查询图书


正题名:韩刚B2A"译点通 "     索取号:H315.9/H0721         预约/预借

序号 登录号 条形码 馆藏地/架位号 状态 备注
1 1548389   215483894   外国语学院资料室/ [索取号:H315.9/H0721] 在馆    
河南城建学院图书馆 欢迎您!
大连网信软件有限公司© 版权所有